| 000 | 00486nam a2200181 a 4500 | ||
|---|---|---|---|
| 001 | 1975 | ||
| 003 | CDMR | ||
| 005 | 20131204111210.0 | ||
| 008 | 130130s1992||||||||||||||||||||||||||||d | ||
| 020 | _a8475096212 | ||
| 040 |
_aCDMR _bcat _cCDMR |
||
| 100 | 1 |
_aBarthes, Roland _9877 |
|
| 245 | 1 | 3 |
_aLa cámara lúcida _b: nota sobre la fotografía _cRoland Barthes |
| 260 |
_aBarcelona _c1992 _bPaidós |
||
| 300 |
_a207 p. _bil. fot. |
||
| 490 | 0 |
_aPaidós comunicación _v43 |
|
| 942 |
_cMON _2udc |
||
| 999 |
_c1975 _d1975 |
||